000 00228nam a22000857a 4500
008 161101b xxu||||| |||| 00| 0 eng d
100 _9997
_aBasu.S.
245 _aGeneral Knowledge-7
260 _aNew Delhi
_bBritannica Publications
_c2011
999 _c3656
_d3656